Exploring Corporate Strategy: (Record no. 5867)

MARC details
000 -LEADER
fixed length control field 01010cam a2200289 a 4500
001 - CONTROL NUMBER
control field 12438353
003 - CONTROL NUMBER IDENTIFIER
control field OSt
005 - DATE AND TIME OF LATEST TRANSACTION
control field 20200128165348.0
008 - FIXED-LENGTH DATA ELEMENTS--GENERAL INFORMATION
fixed length control field 010611s2002 enka b 001 0 eng
010 ## - LIBRARY OF CONGRESS CONTROL NUMBER
LC control number 2001041184
020 ## - INTERNATIONAL STANDARD BOOK NUMBER
International Standard Book Number 978-0273651123
020 ## - INTERNATIONAL STANDARD BOOK NUMBER
International Standard Book Number 027365117X (text only)
040 ## - CATALOGING SOURCE
Original cataloging agency DLC
Transcribing agency DLC
Modifying agency DLC
082 00 - DEWEY DECIMAL CLASSIFICATION NUMBER
Classification number 338.5 JOH 2002
Edition number 21
100 1# - MAIN ENTRY--PERSONAL NAME
Personal name Johnson, Gerry; Scholes, Kevan
9 (RLIN) 12222
245 10 - TITLE STATEMENT
Title Exploring Corporate Strategy:
Remainder of title text & cases
250 ## - EDITION STATEMENT
Edition statement 6th ed.
260 ## - PUBLICATION, DISTRIBUTION, ETC. (IMPRINT)
Place of publication, distribution, etc. Harlow, England;
Name of publisher, distributor, etc. Financial Times Prentice Hall,
Date of publication, distribution, etc. 2002.
300 ## - PHYSICAL DESCRIPTION
Extent xxxvii, 1082 p. :
Other physical details col.ill;
Dimensions 25 cm.
504 ## - BIBLIOGRAPHY, ETC. NOTE
Bibliography, etc Includes bibliographical references and indexes.
650 #0 - SUBJECT ADDED ENTRY--TOPICAL TERM
Topical term or geographic name as entry element Strategic planning.
9 (RLIN) 12224
650 #0 - SUBJECT ADDED ENTRY--TOPICAL TERM
Topical term or geographic name as entry element Corporate management
9 (RLIN) 13121
856 41 - ELECTRONIC LOCATION AND ACCESS
Materials specified Table of contents
Uniform Resource Identifier http://www.loc.gov/catdir/toc/fy034/2001041184.html
906 ## - LOCAL DATA ELEMENT F, LDF (RLIN)
a 7
b cbc
c orignew
d 1
e ocip
f 20
g y-gencatlg
942 ## - ADDED ENTRY ELEMENTS (KOHA)
Source of classification or shelving scheme Dewey Decimal Classification
Koha item type Open Shelf
Holdings
Withdrawn status Lost status Source of classification or shelving scheme Damaged status Not for loan Home library Current library Date acquired Source of acquisition Inventory number Total Checkouts Full call number Barcode Date last seen Koha item type Copy number Price effective from
    Dewey Decimal Classification     MUST Main Library MUST Main Library 26/10/2017 Donation 03/20554   338.5 JOH 2002 2017-0869 26/10/2017 Open Shelf    
    Dewey Decimal Classification     MUST Main Library MUST Main Library 02/09/2024 Donation 10/32604   658.4012JOH2008 2024-22299 02/09/2024 Open Shelf 2024-22299 02/09/2024